000 01491cam a22003734a 4500
001 2795
003 BD-DhEWU
005 20150618020001.0
008 990504s2000 enka g b 001 0 eng d
010 _a99015849
020 _a052100604X
020 _a0521643074
020 _a0521644356 (pbk.)
035 _a(OCLC)41368211
040 _aDLC
_cDLC
_dDLC
_dBD-DhEWU
_beng
041 _aeng
050 0 0 _aHF1359
_b.K46 2000
082 0 4 _a337.015
_2
_bKEI 2000
100 1 _aKenen, Peter.
_d1932-
_94941
245 1 4 _aThe international economy /
_cPeter B. Kenen.
250 _a4th ed.
260 _aCambridge :
_bCambridge University Press,
_cc2000.
300 _ax, 610 p. :
_bill. ;
_c25 cm.
504 _aIncludes bibliographical references and index.
505 _tTOC
_aInternational trade theory and policy. -- International monetary theory and policy.
520 _aThis text offers a rigorous introduction to international economics for upper-level undergraduates and above. It examines the causes and effects of international trade and deals with monetary matters. A problem set follows each chapter.
526 _aBA
590 _aSaifun Momota
650 0 _aInternational economic relations.
_94942
650 0 _aInternational economic relations
_xMathematical models.
_94907
650 0 _aCommerce international.
_94943
856 _3WorldCat details
_uhttp://www.worldcat.org/title/international-economy/oclc/41368211&referer=brief_results
942 _2ddc
_cTEXT
_01
999 _c2795
_d2795